| 000 | 00455cam a2200181ua 4500 | ||
|---|---|---|---|
| 001 | 10524 | ||
| 008 | 190313n ii |||gr||||Z||||||eng | ||
| 020 | _a9788178807614 | ||
| 040 | _cMAIN | ||
| 082 | _a361.954 | ||
| 100 |
_aManmohan Singh, _eAuthor. |
||
| 245 | _aIndian social problems | ||
| 250 | _a1st ed. | ||
| 260 |
_aNew Delhi: _bRajat publication, _c2018. |
||
| 300 | _a244. | ||
| 653 | _aSocial problems & social welfare in general | ||
| 942 | _cBK | ||
| 999 |
_c9507 _d9507 |
||